[Event "Floripa Chess Open 2024"]
[Site "Florianopolis"]
[Date "2024.01.22"]
[Round "3.17"]
[White "Serpa, Rafael Araujo"]
[Black "Umetsubo, Cesar Hidemitsu"]
[Result "0-1"]
[WhiteElo "2101"]
[BlackElo "2349"]
[PlyCount "29"]
[EventDate "2024.01.20"]
[EventRounds "10"]
[EventCountry "BRA"]

1. e4 c6 2. d4 d5 3. exd5 cxd5 4. Bd3 Nc6 5. c3 Nf6 6. b3 ({RR} 6. Nd2 Bg4 7.
Qb3 Qc7 8. h3 Bh5 9. Ngf3 e6 10. O-O Bd6 11. Re1 O-O 12. Qc2 Rac8 13. a3 Rfe8
14. Bb5 a6 15. Bxc6 bxc6 16. b4 Nd7 17. Qd3 a5 18. Bb2 Nb6 19. Ne5 f6 20. Ng4
Ra8 {Polgar,J (2680)-Bareev,E (2634) Moscow 2009 0-1 (36)}) 6... Qc7 $146 ({RR
} 6... e6 7. Nf3 Bd6 8. O-O O-O 9. Qe2 h6 10. Re1 a6 11. Ne5 Bd7 12. Nd2 b5 13.
h3 Qb6 14. Bb1 Rfc8 15. Qd3 Be8 16. Ng4 Qd8 17. Nf1 Nxg4 18. Qh7+ Kf8 19. Qh8+
Ke7 20. hxg4 Bd7 {1-0 (20) Kempen,L (2050)-De Vere,C Gold Coast 2009}) ({RR} 
6... e6 7. Nf3 Bd6 8. O-O O-O 9. Re1 Re8 10. Nbd2 Qc7 11. Qe2 e5 12. dxe5 Nxe5
13. Nxe5 Rxe5 14. Qd1 Rxe1+ 15. Qxe1 Be6 16. Nf3 Re8 17. Be3 Ne4 18. Nd2 Nc5
19. Bc2 Be5 20. Bxc5 Bxh2+ 21. Kh1 {Selezneva,E-Pesina,P (1452) Saratov 2014
0-1}) 7. Nf3 g6 8. O-O Bf5 9. Re1 Bxd3 10. Qxd3 Bg7 11. Be3 O-O 12. Nbd2 e6 13.
g3 Nh5 14. Kg2 f5 15. Bf4 0-1

[Event "Floripa Chess Open 2024"]
[Site "Florianopolis"]
[Date "2024.01.22"]
[Round "3.18"]
[White "Von Buelow, Georg"]
[Black "Ferreira, Thales Bond Dias"]
[Result "1/2-1/2"]
[WhiteElo "2345"]
[BlackElo "2086"]
[PlyCount "131"]
[EventDate "2024.01.20"]
[EventRounds "10"]
[EventCountry "BRA"]

1. e4 c6 2. d4 d5 3. e5 Bf5 4. h4 h6 5. g4 Bd7 6. h5 e6 7. f4 c5 8. c3 Nc6 9.
Nf3 Qb6 10. Rh2 O-O-O ({RR} 10... Rc8 11. Be3 cxd4 12. cxd4 Bb4+ 13. Nc3 Na5
14. Rc1 Nc4 15. Bxc4 Rxc4 16. Kf1 Ne7 17. Kg1 Bb5 18. Nxb5 Qxb5 19. a3 Ba5 20.
b4 Bb6 21. Rxc4 dxc4 22. Qc1 Nd5 23. Rc2 c3 24. Ne1 Qc4 25. Ng2 {Bellissimo,J 
(2203)-Fiorito,F (2362) chess.com INT 2022 1-0 (49)}) 11. Be3 Kb8 12. Rc2 f6
13. Nbd2 $146 ({RR} 13. Kf2 g5 14. hxg6 fxe5 15. fxe5 Nge7 16. dxc5 Qc7 17. Bd3
Bg7 18. Kg2 Rdf8 19. Nbd2 Be8 20. Nd4 Qxe5 21. Qe1 Nxg6 22. N2f3 Nf4+ 23. Bxf4
Qxf4 24. Qg3 Bxd4 25. Nxd4 Nxd4 26. cxd4 Rhg8 27. Be2 h5 {Yip,C (2164)
-Paikidze,N (2346) Saint Louis 2016 1/2-1/2 (43)}) 13... cxd4 14. cxd4 fxe5 15.
fxe5 g6 16. hxg6 Nge7 17. Nb3 Nxg6 18. Qe2 Be7 19. Nc5 Rhf8 20. a3 Nh4 21. Nd2
Bg5 22. O-O-O Rf7 23. Rc3 Na5 24. b4 Nc6 25. Ndb3 Rf3 26. Kb2 Bxe3 27. Rxe3 Rf7
28. Qh2 Nf3 29. Qh3 Ng5 30. Qxh6 Rg8 31. Bd3 Bc8 32. Qh1 Qd8 33. Rf1 Qf8 34.
Rxf7 Qxf7 35. b5 Nxd4 36. Nxd4 Qf2+ 37. Nc2 Rf8 38. Nb3 Nf3 39. Qf1 Qxf1 40.
Bxf1 Nxe5 41. Rxe5 Rxf1 42. Ne3 Rg1 43. Rg5 Kc7 44. Rg7+ Kd6 45. g5 Rg3 46. Nc2
e5 47. Rg6+ Ke7 48. Nb4 Rg2+ 49. Kc1 Rg1+ 50. Kd2 d4 51. Rg7+ Kf8 52. Rc7 Be6
53. Nc5 Bf5 54. Rxb7 Rg2+ 55. Ke1 e4 56. Nxe4 Bxe4 57. Rxa7 Rg1+ 58. Ke2 Rg2+
59. Kf1 Rxg5 60. a4 Rc5 61. Rd7 Rc4 62. Nc6 Rxa4 63. Nxd4 Ke8 64. Rd6 Bd3+ 65.
Kf2 Bxb5 66. Nxb5 1/2-1/2

[Event "Floripa Chess Open 2024"]
[Site "Florianopolis"]
[Date "2024.01.22"]
[Round "3.19"]
[White "Volkmann, Andre Jordi"]
[Black "Gemy, Jose Daniel"]
[Result "1/2-1/2"]
[WhiteElo "2083"]
[BlackElo "2329"]
[PlyCount "81"]
[EventDate "2024.01.20"]
[EventRounds "10"]
[EventCountry "BRA"]

1. d4 Nf6 2. c4 e6 3. Nc3 Bb4 4. e3 c5 5. Nge2 cxd4 6. exd4 O-O 7. a3 Be7 8.
Nf4 d6 9. Bd3 Nbd7 ({RR} 9... Nc6 10. Bc2 e5 11. dxe5 dxe5 12. Nh5 Qxd1+ 13.
Bxd1 Nxh5 14. Bxh5 Nd4 15. O-O Be6 16. Nd5 Bxd5 17. cxd5 Rfd8 18. Be3 Rxd5 19.
Rac1 g6 20. Bd1 Rad8 21. Re1 Bf6 22. h3 h5 23. Bxd4 Rxd4 24. Bb3 {Mamontova,A 
(2025)-Shkapenko,P (2424) chess.com INT 2022 0-1 (67)}) 10. O-O b6 11. b4 Bb7
12. d5 $146 ({RR} 12. Bb2 Re8 13. Re1 Bf8 14. Bf1 Rc8 15. Qb3 a6 16. Rad1 g6
17. d5 e5 18. Nh3 Nh5 19. Bc1 Ng7 20. Bh6 Nf5 21. Bxf8 Rxf8 22. Ne4 Qc7 23.
Nhg5 h6 24. Nf3 Qb8 25. g4 Ng7 26. g5 f5 {Matiukova,U (2179)-Severina,M (2330)
Kolomna 2016 0-1 (40)}) 12... e5 13. Nfe2 Ne8 14. g4 g6 15. Ng3 Ng7 16. f4 exf4
17. Bxf4 Bf6 18. Rc1 Bd4+ 19. Kg2 Be5 20. Qd2 Qh4 21. Be2 Ne6 22. Bxe5 dxe5 23.
Nce4 Nf4+ 24. Rxf4 exf4 25. Qxf4 f5 26. Nd6 Ba6 27. Qe3 Qf6 28. Qe6+ Kh8 29. b5
f4 30. Qxf6+ Nxf6 31. bxa6 fxg3 32. hxg3 Rad8 33. Nb5 Rde8 34. Bf3 Re3 35. d6
Nd7 36. Bb7 Ne5 37. Nxa7 Re2+ 38. Kg1 Nf3+ 39. Bxf3 Rxf3 40. Nb5 Rff2 41. a7
1/2-1/2

[Event "Floripa Chess Open 2024"]
[Site "Florianopolis"]
[Date "2024.01.22"]
[Round "3.20"]
[White "Labussiere, Victor"]
[Black "Silva, Caio Henrique Angel"]
[Result "1-0"]
[WhiteElo "2328"]
[BlackElo "2074"]
[PlyCount "127"]
[EventDate "2024.01.20"]
[EventRounds "10"]
[EventCountry "BRA"]

1. Nf3 Nf6 2. c4 g6 3. Nc3 d5 4. cxd5 Nxd5 5. Qa4+ Nc6 6. Qb3 ({RR} 6. e3 Nb6
7. Qh4 Bg7 8. Bb5 Bd7 9. d4 e5 10. Qxd8+ Rxd8 11. dxe5 Nxe5 12. Bxd7+ Nexd7 13.
Ke2 Nc5 14. Rb1 Bxc3 15. bxc3 Ne4 16. Rb3 a5 17. Bd2 Nc4 18. Be1 b6 19. Rb1 c5
20. h4 h6 {Wang,Y (2739)-Morozevich,A (2771) Nice 2009 0-1 (44)}) 6... Nb6 ({RR
} 6... Ndb4 7. d4 Be6 8. Qd1 Nxd4 9. Nxd4 Qxd4 10. Qxd4 Nc2+ 11. Kd1 Nxd4 12.
e3 Nc6 13. Bb5 O-O-O+ 14. Ke2 Ne5 15. e4 a6 16. Bf4 axb5 17. Bxe5 f6 18. Bg3 b4
19. Na4 Bc4+ 20. Ke1 Bh6 21. f4 {Mohammed,D (2041)-Shuvalov,E (2182) chess.com
INT 2022 1/2-1/2 (98)}) 7. d4 Be6 $146 ({RR} 7... Bg7 8. e3 O-O 9. Be2 e5 10.
d5 Ne7 11. e4 c6 12. O-O cxd5 13. exd5 Nexd5 14. Rd1 Nxc3 15. bxc3 Qc7 16. Be3
Be6 17. Qb5 Rfd8 18. Rxd8+ Rxd8 19. Qa5 Rc8 20. Qxa7 Nd5 21. Ng5 Nxc3 22. Bf1 {
Krause,J (2290)-Christ,R (2270) Germany 2016 1/2-1/2}) 8. Qd1 Bg7 9. e3 O-O 10.
Be2 Bf5 11. h3 Nd5 12. Qb3 Nxc3 13. bxc3 Na5 14. Qa3 b6 15. Nd2 c5 16. Nb3 Nxb3
17. Qxb3 Rc8 18. O-O cxd4 19. cxd4 e5 20. Ba3 Re8 21. Bb5 Bd7 22. Bc4 Rxc4 23.
Qxc4 exd4 24. exd4 Be6 25. Qd3 Qxd4 26. Qxd4 Bxd4 27. Rad1 Bc5 28. Bxc5 bxc5
29. Rfe1 Rb8 30. Re2 Rb4 31. a3 Rb3 32. Re3 Rb7 33. Kf1 c4 34. Rc3 h5 35. Ke2
Kg7 36. Ke3 Kf6 37. Ke2 Rb5 38. Rd2 Re5+ 39. Re3 Rb5 40. Rc3 Re5+ 41. Re3 Rb5
42. Rc3 Re5+ 43. Kd1 Rb5 44. Kc1 Bf5 45. Rb2 Rc5 46. Rd2 Rb5 47. Rb2 Rc5 48.
Re3 Rc7 49. Kd2 Rd7+ 50. Kc3 Be6 51. Rb1 Rc7 52. a4 Rd7 53. Rf3+ Kg7 54. h4 Bg4
55. Rf4 Be6 56. Rd4 Rc7 57. Rb5 Rc6 58. f3 Ra6 59. a5 Rc6 60. g4 hxg4 61. fxg4
Bc8 62. g5 Re6 63. Rb8 Ba6 64. Rdd8 1-0

[Event "Floripa Chess Open 2024"]
[Site "Florianopolis"]
[Date "2024.01.22"]
[Round "3.21"]
[White "Martins, Anderson Donay"]
[Black "Filgueiras, Nathan Felipe"]
[Result "0-1"]
[WhiteElo "2058"]
[BlackElo "2321"]
[PlyCount "102"]
[EventDate "2024.01.20"]
[EventRounds "10"]
[EventCountry "BRA"]

1. d4 Nf6 2. Nf3 e6 3. Bg5 d5 4. e3 Be7 5. Nbd2 c5 6. c3 Nc6 7. Bd3 b6 8. O-O
O-O 9. Ne5 Nxe5 10. dxe5 Nd7 11. Bxe7 Qxe7 12. f4 Bb7 13. Rf3 ({RR} 13. Qe2
Rad8 14. Nf3 f6 15. exf6 Nxf6 16. Rad1 g6 17. Rfe1 Rd6 18. Qf2 Qg7 19. Bc2 Qe7
20. Qg3 Nh5 21. Qg4 Nf6 22. Qh3 Bc8 23. Qh4 Bb7 24. Ne5 Kg7 25. Rf1 Qd8 26. Qg5
Nd7 27. Qg4 Nf6 {Harikrishna,P (2726)-Polgar,J (2685) Dubai 2014 0-1 (43)})
13... f5 14. Rh3 Rad8 15. Nf3 $146 ({RR} 15. Qh5 g6 16. Rg3 d4 17. e4 dxc3 18.
bxc3 Nxe5 19. fxe5 Rxd3 20. Qh6 Rxg3 21. hxg3 fxe4 22. Re1 Qg7 23. Qg5 h6 24.
Qg4 Rf5 25. Nc4 Bd5 26. Nd6 Rg5 27. Qf4 Rxe5 28. Rf1 e3 29. Ne8 Rf5 {Baches
Garcia,G (2327)-Bluebaum,M (2655) chess.com INT 2024 0-1 (39)}) 15... g6 16.
Ng5 h5 17. Rg3 Kg7 18. Nf3 Rh8 19. Qe1 Nf8 20. Rd1 a6 21. Rh3 b5 22. b4 Nd7 23.
Rg3 Kf7 24. Rg5 Rdg8 25. a3 Nf8 26. Rg3 Nh7 27. bxc5 Qxc5 28. Nd4 Qxa3 29. Rb1
Qe7 30. Rf3 Rb8 31. Rf2 Rhc8 32. Rfb2 Ba8 33. Ra2 Rb6 34. Rba1 Bb7 35. Ra3 Nf8
36. h3 Nd7 37. Kh2 Nc5 38. Bc2 Rg8 39. R1a2 g5 40. Bxf5 exf5 41. Nxf5 Qe6 42.
Nd4 Qe7 43. f5 Qxe5+ 44. Kh1 Ne4 45. Qd1 g4 46. Kg1 Qg3 47. c4 dxc4 48. Nxb5
axb5 49. Qd7+ Kf6 50. Qd4+ Kg5 51. Qxb6 Qe1+ 0-1

[Event "Floripa Chess Open 2024"]
[Site "Florianopolis"]
[Date "2024.01.22"]
[Round "3.22"]
[White "Tomiello, Lucas Costamilan"]
[Black "Cordeiro, Marco Aurelio Zaror"]
[Result "0-1"]
[WhiteElo "2306"]
[BlackElo "2057"]
[PlyCount "118"]
[EventDate "2024.01.20"]
[EventRounds "10"]
[EventCountry "BRA"]

1. e4 Nf6 2. e5 Nd5 3. c4 Nb6 4. d4 d6 5. f4 Bf5 6. Nc3 dxe5 7. fxe5 Nc6 8. Be3
e6 9. Nf3 Bg4 10. Be2 Qd7 11. O-O O-O-O 12. c5 Nd5 13. Nxd5 Qxd5 14. Qe1 ({RR} 
14. Qc1 f6 15. Bc4 Qe4 16. Qc3 fxe5 17. Nxe5 Nxd4 18. Nxg4 Qxg4 19. b4 e5 20.
Rf7 Kb8 21. Raf1 h5 22. h3 Qg6 23. Qe1 Qc2 24. Bxd4 exd4 25. Qe5 Rc8 26. Be6
Bxc5 27. Qxc5 Qxc5 28. bxc5 Rcd8 {Fedoseev,V (2678)-Bortnyk,O (2598) chess.com
INT 2020 1-0 (62)}) ({RR} 14. h3 Bh5 15. Qa4 f6 16. Rad1 Be7 17. Bc4 Qd7 18. d5
exd5 19. Rxd5 Qxd5 20. Bxd5 Rxd5 21. Qe4 Rd7 22. e6 Rdd8 23. b4 Bg6 24. Qg4 a6
25. a4 Rd5 26. b5 Ne5 27. Nxe5 Rxe5 28. Bf2 a5 {Bortnyk,M (2425)-Sviridov,V  
(2545) chess.com INT 2023 0-1 (75)}) 14... f6 15. exf6 gxf6 16. h3 $146 ({RR} 
16. b4 Qe4 17. Qf2 Nxb4 18. Nd2 Qg6 19. Rab1 Nd5 20. c6 bxc6 21. Ba6+ Kd7 22.
Rfc1 Bd6 23. Bb7 Rb8 24. Bxc6+ Ke7 25. Rxb8 Rxb8 26. Bxd5 exd5 27. Bf4 Rb7 28.
Bxd6+ cxd6 29. Nf1 Bf5 30. Ng3 Be4 {Zufic,M (2388)-Podobnik,M (2254) Rabac
2004 1-0 (46)}) 16... Bh5 17. Qc3 Rg8 18. Rf2 Ne7 19. Re1 Qd7 20. b4 Nd5 21.
Qb3 Kb8 22. Bc1 Bg7 23. b5 Ka8 24. c6 bxc6 25. bxc6 Qxc6 26. Bb5 Qb6 27. Qc4
Be8 28. Rb2 Qd6 29. Ba6 Nb6 30. Qxe6 Bc6 31. Qf5 Qd5 32. Qxh7 f5 33. Rf2 Bxd4
34. Be3 Bxe3 35. Rxe3 Rd7 36. Qh6 Rdg7 37. Bf1 Bb7 38. Re5 Qd7 39. Qf4 Nd5 40.
Qxf5 Qxf5 41. Rxf5 Ne3 42. Re5 Nxg2 43. Bxg2 Bxf3 44. Ree2 Bxg2 45. Rxg2 Rxg2+
46. Rxg2 Rh8 47. Rh2 c5 48. Kf2 Kb7 49. h4 Kc6 50. h5 Rh6 51. Ke3 Kd5 52. Kd3
a6 53. a4 a5 54. Kc3 Kd6 55. Kc4 Kc6 56. Rh4 Kd6 57. Kb5 Kd5 58. Kxa5 Kc6 59.
Rh1 Rh8 0-1

[Event "Floripa Chess Open 2024"]
[Site "Florianopolis"]
[Date "2024.01.22"]
[Round "3.23"]
[White "Soriano Quispe, Ivan Excender"]
[Black "Bastos Seixas, Pedro Lucas"]
[Result "1-0"]
[WhiteElo "2271"]
[BlackElo "2049"]
[PlyCount "85"]
[EventDate "2024.01.20"]
[EventRounds "10"]
[EventCountry "BRA"]

1. Nf3 Nf6 2. c4 e6 3. Nc3 d5 4. e3 Be7 5. b3 O-O 6. Bb2 b6 7. cxd5 Nxd5 8.
Nxd5 Qxd5 9. Qc2 c5 10. Bd3 Bb7 11. Bxh7+ Kh8 12. Bd3 Nc6 13. Bc4 ({RR} 13. a3
Rad8 14. Bc4 Qd7 15. h4 Bf6 16. Ng5 Qxd2+ 17. Qxd2 Rxd2 18. Kxd2 Bxb2 19. Rad1
Bxa3 20. Ke2 Ne5 21. f3 Nxc4 22. bxc4 Ba6 23. Kd3 b5 24. Ra1 b4 25. Rhd1 Rd8+
26. Kc2 Rxd1 27. Rxd1 g6 {Bachmann,A (2578)-Ayushh,R (1885) chess.com INT 2024
1-0}) 13... Qh5 $146 ({RR} 13... Qd7 14. a3 Rad8 15. h4 Bf6 16. Ng5 Ne5 17.
Qh7# {1-0 (17) Santos Latasa,J (2656)-Kochiev,I (2053) chess.com INT 2023}) 14.
Be2 Nb4 15. Qb1 Rad8 16. a3 Nc6 17. Bc3 Bf6 18. Qb2 Qg6 19. Bxf6 gxf6 20. b4
cxb4 21. axb4 Rd5 22. d4 b5 23. Rg1 a6 24. Rd1 Rfd8 25. Bd3 Qg7 26. Ke2 Qf8 27.
Be4 R5d7 28. d5 Nxb4 29. dxe6 Rxd1 30. Rxd1 Rxd1 31. Qxf6+ Qg7 32. Qxg7+ Kxg7
33. e7 Bxe4 34. e8=Q Bxf3+ 35. gxf3 Rb1 36. Qe5+ Kf8 37. h4 Na2 38. h5 b4 39.
h6 Rh1 40. Qg7+ Ke7 41. h7 Nc3+ 42. Kd3 b3 43. Kxc3 1-0

[Event "Floripa Chess Open 2024"]
[Site "Florianopolis"]
[Date "2024.01.22"]
[Round "3.25"]
[White "Zacarias, Rodrigo Medeiros"]
[Black "Coppola, Claudio"]
[Result "1/2-1/2"]
[WhiteElo "2058"]
[BlackElo "2250"]
[PlyCount "76"]
[EventDate "2024.01.20"]
[EventRounds "10"]
[EventCountry "BRA"]

1. e4 e5 2. Nf3 Nc6 3. Bb5 f5 4. Nc3 fxe4 5. Nxe4 Nf6 6. d3 d5 7. Nxf6+ Qxf6 8.
d4 e4 9. Ne5 Bb4+ 10. c3 O-O 11. O-O Bd6 12. f4 Ne7 13. Nd7 $146 ({RR} 13. Be3
a6 14. Ba4 Be6 15. Qe2 Nf5 16. Rf2 Rad8 17. g4 Nh4 18. f5 Bc8 19. Qd2 h6 20.
Bf4 Qe7 21. b4 Bxe5 22. dxe5 Nf3+ 23. Rxf3 exf3 24. Bg3 c5 25. Bb3 Kh8 26. e6
Bxe6 27. Re1 d4 {Todorovic,G-Dinic,D Sokobanja 1989 1-0}) 13... Bxd7 14. Bxd7
Rad8 15. Bh3 b5 16. b4 a5 17. a3 Ra8 18. Bd2 axb4 19. axb4 Qh6 20. Qg4 Rxa1 21.
Rxa1 Nf5 22. Qg5 Qxg5 23. fxg5 g6 24. Rf1 e3 25. Be1 Be7 26. g4 Nd6 27. Rxf8+
Kxf8 28. Bg2 c6 29. h4 Nc4 30. Kf1 Bd6 31. Ke2 Na3 32. Kd3 Kf7 33. Bf3 Ke6 34.
Bd1 Nc4 35. Bb3 Nd2 36. Bxd2 exd2 37. Kxd2 Bg3 38. h5 gxh5 1/2-1/2

[Event "Floripa Chess Open 2024"]
[Site "Florianopolis"]
[Date "2024.01.22"]
[Round "3.26"]
[White "Rodrigues, Edgar"]
[Black "De Carli Filho, Carlos"]
[Result "1-0"]
[WhiteElo "2233"]
[BlackElo "2038"]
[PlyCount "81"]
[EventDate "2024.01.20"]
[EventRounds "10"]
[EventCountry "BRA"]

1. e4 {Szabo,Kr} c5 2. Nf3 e6 3. d4 cxd4 4. Nxd4 Nc6 5. Nc3 Qc7 6. Be3 a6 7.
Qf3 Nxd4 ({RR} 7... Nf6 8. O-O-O Ne5 9. Qg3 b5 10. f4 Neg4 11. Bd2 b4 12. Na4
h5 13. Bd3 Bb7 14. h3 Nh6 15. Qe1 h4 16. Kb1 Rb8 17. Rf1 Be7 18. g4 hxg3 19.
Qxg3 Nxe4 20. Qxg7 Bf6 21. Qg1 Rg8 22. Qe3 {Giri,A (2768)-Gukesh,D (2732)
Stavanger NOR 2023 0-1}) ({RR} 7... Nf6) 8. Bxd4 Ne7 ({RR} 8... b5 9. O-O-O Bb7
10. Bd3 Rc8 11. Qg3 Qxg3 12. hxg3 Ne7 13. f3 Nc6 14. Be3 Ne5 15. Be2 h6 16. g4
Rg8 17. g5 hxg5 18. Bxg5 f6 19. Bf4 Bb4 20. Nb1 d5 21. Nd2 Ke7 22. exd5 Bxd5
23. a3 {Kosakowski,J (2486)-Gumularz,S (2591) chess.com INT 2024 0-1 (44)}) 9.
Qe3 b5 10. Bb6 $146 ({RR} 10. O-O-O d6 ({RR} 10... d6 11. Bb6 Qc6 ({RR} 11...
Qb8 12. Bxb5+ axb5 13. Nxb5) 12. Bxb5 axb5 13. Rxd6 Qxd6 14. Nxb5 Qe5 15. Nc7+
Kd7 16. Rd1+ Kc6 17. Nxa8 Ng6 18. Qb3 Qb5 19. Qc3+ Bc5 20. e5) ({RR} 10... Rb8)
11. Bb6 Qc6 12. Bxb5 axb5 13. Rxd6 Qxd6 14. Nxb5 Qe5 15. Nc7+ Kd7 16. Rd1+ Kc6
17. Nxa8 Ng6 18. Qb3 Qb5 19. Qc3+ Bc5 20. e5 Kb7 21. Bxc5 Kxa8 22. Rd6 Bb7 23.
Qa3+ Kb8 24. Rd3 Nxe5 {Vandenbussche,T (2348)-Malakhatko,V (2548) Antwerp 2011
1-0 (37)}) ({RR} 10. O-O-O Bb7 11. f4 ({RR} 11. Kb1 Rc8 12. Bd3 ({RR} 12. a3)
12... Ng6 13. e5 Bc5 14. f4 O-O ({RR} 14... Bxg2 15. Rhg1 Bxd4 16. Qxd4 Bc6 17.
Rg3) 15. Bxc5 ({RR} 15. Rhe1 Bxg2 16. f5 exf5 17. Bxf5 Bxd4 18. Qxd4 Rce8)
15... Qxc5 16. Qd2) 11... f6 ({RR} 11... Rc8 12. Bd3 Nc6 13. Bb6 Qb8 14. Kb1
Bb4 15. Ne2 Ba5 16. Bxa5 Nxa5 17. Ng3) 12. Be2 ({RR} 12. Kb1) 12... Rc8 13. Rd2
({RR} 13. a3 h5 14. Kb1) 13... h5 ({RR} 13... Ng6 14. Bh5 ({RR} 14. g3 e5 15.
Bb6 Bc5 16. Bxc5 Qxc5 17. Qxc5 Rxc5) ({RR} 14. f5) 14... b4 ({RR} 14... Bd6 15.
e5) 15. Ne2 Qa5 16. f5 Qxa2 ({RR} 16... Be7 17. Kb1 exf5 18. Bb6 Qe5 19. exf5
Qxf5 20. Ng3 Qe6 21. Re1) 17. Kd1) 14. Rhd1 ({RR} 14. Kb1) 14... Bc6 15. Bf3 ({
RR} 15. a3) 15... b4 16. Ne2 f5 17. Be5 Qb7 18. exf5 Nxf5 19. Bxc6 Qxc6 20. Qd3
Qb5 21. Qxb5 ({RR} 21. Qb3) 21... axb5 22. Rxd7 Ne3 23. R1d2 h4 ({RR} 23...
Nxc2 24. Kb1 Ne3 25. Rb7) 24. Rb7 ({RR} 24. Bxg7 Rh7) 24... Nc4 {Oparin,G  
(2543)-Morozevich,A (2712) Moscow 2014 CBM 164 [Szabo,Kr] 1-0 (60)}) 10... Qb8
11. O-O-O Ng6 12. g3 Be7 13. f4 b4 14. Na4 d6 15. Rd4 e5 16. Rxb4 exf4 17. gxf4
d5 18. exd5 O-O 19. Bc5 Qc7 20. Bxe7 Nxe7 21. Bd3 Bf5 22. Qb6 Qd7 23. Bxf5 Qxf5
24. d6 Rac8 25. Nc3 Ng6 26. Qd4 Rfd8 27. Rd1 Rc5 28. Qd2 Nf8 29. Nd5 Kh8 30.
Ne3 Qe6 31. Ra4 Qc8 32. Qd3 a5 33. Rc4 Nd7 34. Qc3 Qc6 35. Rd5 Rxc4 36. Qxc4
Qb6 37. Qd4 Qa6 38. Nc4 Rc8 39. Rxa5 Qc6 40. b3 h6 41. Qd5 1-0

[Event "Floripa Chess Open 2024"]
[Site "Florianopolis"]
[Date "2024.01.22"]
[Round "3.27"]
[White "Bortoloso, Moacir Canella"]
[Black "Cunha, Lucas Aguiar"]
[Result "0-1"]
[WhiteElo "2033"]
[BlackElo "2230"]
[PlyCount "74"]
[EventDate "2024.01.20"]
[EventRounds "10"]
[EventCountry "BRA"]

1. e4 c5 2. Nf3 Nc6 3. d4 cxd4 4. Nxd4 Nf6 5. Nc3 d6 6. Bg5 e6 7. Qd2 h6 8.
Bxf6 gxf6 9. O-O-O a6 10. Be2 ({RR} 10. Bc4 Bd7 11. Bb3 Qb6 12. Nxc6 Qxc6 13.
Rhe1 Be7 14. Kb1 b5 15. Nd5 exd5 16. exd5 Qc7 17. Qf4 Kf8 18. Rxe7 Kxe7 19.
Re1+ Kf8 20. Qxf6 Rh7 21. c3 Re8 22. Rxe8+ Bxe8 23. Bc2 Kg8 24. Bxh7+ Kxh7 {
Zampronha,W (2176)-Baches Garcia,G (2334) chess.com INT 2023 0-1 (54)}) 10...
h5 11. Nxc6 $146 ({RR} 11. Kb1 Qb6 12. h4 Bd7 13. f4 Qxd4 14. Qxd4 Nxd4 15.
Rxd4 O-O-O 16. Bf3 Be7 17. Ne2 Rdg8 18. Rhd1 Bb5 19. c4 Bc6 20. f5 Rg7 21. R4d2
exf5 22. exf5 Bxf3 23. gxf3 Rg2 24. Nf4 Rg3 25. Rd3 Bd8 {Keres,P-Byrne,R
Moscow (Russia) 1955 1-0 (40)}) ({RR} 11. Kb1 Bd7 12. f4 Qb6 13. Nb3 O-O-O 14.
Bf3 h4 15. Rhe1 Kb8 16. Re3 Bc8 17. Rd3 Qc7 18. Ne2 Bh6 19. Nbd4 Ne5 20. Rc3
Nxf3 21. Nxf3 Qe7 22. Rd3 Rhg8 23. Nxh4 f5 24. g3 fxe4 25. Rxd6 Rxd6 {Campora,
D (2510)-Shabalov,A (2575) Buenos Aires 2003 1/2-1/2 (50)}) 11... bxc6 12. f4
Rb8 13. Kb1 Qa5 14. b3 Qc5 15. Na4 Qb4 16. Qxb4 Rxb4 17. c4 c5 18. Rd3 Bb7 19.
Bf3 Bc6 20. Nc3 Kd7 21. Rhd1 Kc7 22. Kc2 Be7 23. g3 h4 24. g4 Rbb8 25. h3 Rhd8
26. R1d2 Rd7 27. Rd1 Bf8 28. Bh1 Bh6 29. Ne2 a5 30. a4 Rb6 31. f5 Rb4 32. Bf3
Rd8 33. Nc3 Bf4 34. Ne2 Be5 35. Bh1 Bxa4 36. Rb1 Rxc4+ 37. Kd2 Rb4 0-1

[Event "Floripa Chess Open 2024"]
[Site "Florianopolis"]
[Date "2024.01.22"]
[Round "3.28"]
[White "De Siqueira, Luigy Lira"]
[Black "Souza Dos Santos, Matheus Garcett"]
[Result "1-0"]
[WhiteElo "2230"]
[BlackElo "2024"]
[PlyCount "67"]
[EventDate "2024.01.20"]
[EventRounds "10"]
[EventCountry "BRA"]

1. e4 c5 2. Nf3 d6 3. Bb5+ Nd7 4. d4 cxd4 5. Qxd4 Ngf6 6. Nc3 g6 7. Bg5 Bg7 8.
O-O-O O-O 9. e5 dxe5 10. Nxe5 Qc7 ({RR} 10... Qa5 11. Nxd7 Nxd7 12. Qa4 Qxa4
13. Nxa4 Nf6 14. Rhe1 a6 15. Nb6 Rb8 16. Be2 Be6 17. Bf3 Rfd8 18. a4 Rd6 19.
Bf4 Rxd1+ 20. Rxd1 Re8 21. Bxb7 a5 22. Bc6 Rf8 23. b3 Ng4 24. f3 Ne5 25. Bd5 {
Urbina Perez,J (2266)-Korol,D (2287) chess.com INT 2023 1-0 (40)}) 11. Nxd7
Nxd7 12. Nd5 Qe5 $146 ({RR} 12... Qa5 13. Qa4 Qxa4 14. Bxa4 Nc5 15. Nxe7+ Kh8
16. Bb5 Be6 17. Nd5 a6 18. Be2 Rac8 19. Bf3 b5 20. Ne7 Rc7 21. Bf4 Rd7 22. Bc6
Rxd1+ 23. Rxd1 Na4 24. c3 Bxa2 25. Bd5 Bxd5 26. Rxd5 Re8 27. Be3 {Yee,S (2278)
-Nardi,M (2047) Kuala Lumpur 2008 1/2-1/2 (63)}) ({RR} 12... Qa5 13. Qa4 Qxa4
14. Bxa4 Nc5 15. Bb3 Nxb3+ 16. axb3 Be6 17. Nc7 Rac8 18. Nxe6 fxe6 19. Be3 Rc7
20. Bxa7 Ra8 21. Bb6 {1/2-1/2 (21) Glek,I (2434)-Zakhartsov,V (2407) Moscow
2014}) 13. Qxe5 Nxe5 14. Bxe7 Bf5 15. Bxf8 Kxf8 16. Rhe1 a6 17. Nb6 Rb8 18. Bd7
Nxd7 19. Nxd7+ Bxd7 20. Rxd7 Bf6 21. g3 Kg7 22. c3 b5 23. Rd6 a5 24. Kc2 b4 25.
c4 a4 26. b3 axb3+ 27. axb3 Ra8 28. c5 Ra2+ 29. Kd3 Bc3 30. Re2 Ra1 31. Kc4 f6
32. f4 Rc1 33. Kb5 h5 34. c6 1-0

[Event "Floripa Chess Open 2024"]
[Site "Florianopolis"]
[Date "2024.01.22"]
[Round "3.29"]
[White "Ribeiro, Davison Soares"]
[Black "Gattass, Allan"]
[Result "0-1"]
[WhiteElo "1989"]
[BlackElo "2225"]
[PlyCount "76"]
[EventDate "2024.01.20"]
[EventRounds "10"]
[EventCountry "BRA"]

1. Nf3 c5 2. g3 g6 3. Bg2 Bg7 4. O-O Nf6 5. d3 O-O 6. e4 Nc6 7. Re1 d6 8. c3 e5
9. Nbd2 Rb8 10. a3 ({RR} 10. a4 b5 11. axb5 Rxb5 12. Nc4 Qc7 13. Qe2 {1/2-1/2 
(13) Stankiewicz,P (2101)-Lizak,S (1907) Jastrzebia Gora POL 2022}) 10... b5
11. b4 a5 12. Qc2 $146 ({RR} 12. bxa5 Qxa5 13. Bb2 Qa4 14. Qe2 Nd7 15. Rab1 Nb6
16. Rec1 Bd7 17. c4 bxc4 18. dxc4 Nd4 19. Qd3 Rfc8 20. Ne1 Qa7 21. Nc2 Na4 22.
Ba1 Bg4 23. Bf1 Bh6 24. Ne3 Be6 25. Bg2 Rxb1 26. Rxb1 Rb8 {Pert,R (2245)
-Ginzburg,M (2274) Patras 2001 0-1 (36)}) 12... Qb6 13. bxc5 dxc5 14. a4 b4 15.
Nc4 Qc7 16. Be3 Qe7 17. Nfd2 Be6 18. Nb3 Bxc4 19. dxc4 Nd7 20. Bh3 bxc3 21.
Bxd7 Qxd7 22. Nxc5 Qc8 23. Qxc3 f5 24. f3 f4 25. Bf2 fxg3 26. hxg3 Nd4 27. Bxd4
exd4 28. Qa3 Rb4 29. Nd3 Rxf3 30. Nxb4 Rxa3 31. Rxa3 axb4 32. Raa1 Qg4 33. Kh2
Be5 34. Rg1 Qh4+ 35. Kg2 Qxg3+ 36. Kf1 Qf3+ 37. Ke1 d3 38. Ra2 Bc3+ 0-1

[Event "Floripa Chess Open 2024"]
[Site "Florianopolis"]
[Date "2024.01.22"]
[Round "3.30"]
[White "Campos, Maria Jose"]
[Black "Soares, Joao Carlos T. C."]
[Result "1-0"]
[WhiteElo "2208"]
[BlackElo "1983"]
[PlyCount "73"]
[EventDate "2024.01.20"]
[EventRounds "10"]
[EventCountry "BRA"]

1. c4 e5 2. g3 Nf6 3. Bg2 d5 4. cxd5 Nxd5 5. Nc3 Nb6 6. Nf3 Nc6 7. O-O Be7 8.
a3 O-O 9. d3 Be6 10. Be3 f6 11. b4 a5 12. b5 Nd4 13. Nd2 Nd5 14. Bxd4 exd4 15.
Nxd5 Bxd5 16. Bxd5+ Qxd5 17. Qb3 Rfd8 18. Rfc1 Rac8 $146 ({RR} 18... Qxb3 19.
Nxb3 a4 20. Nd2 Rd7 21. Nc4 b6 22. Rab1 Kf7 23. f4 Bc5 24. Kf2 Re8 25. h4 Rde7
26. Rc2 {1/2-1/2 (26) Korneev,S (1713)-Nortes Hernandez,P (1943) Santa Cruz de
Tenerife 2010}) 19. Rc4 Kf8 20. Rac1 Qd6 21. a4 Qe5 22. Qd1 Rd5 23. Nf3 Qd6 24.
Qc2 Qd8 25. Rxc7 Rc5 26. Rxc5 Rxc5 27. Qd2 b6 28. Rxc5 Bxc5 29. Qa2 Qd6 30. Qc4
g6 31. Nd2 Qe5 32. Ne4 Bb4 33. Qc8+ Kg7 34. Qb7+ Kh6 35. Qxb6 f5 36. Qf6 Qd5
37. Ng5 1-0